[Event "GRENKE Chess Classic 2018"]
[Site "Karlsruhe/Baden Baden GER"]
[Date "2018.04.05"]
[Round "5.5"]
[White "Naiditsch, Arkadij"]
[Black "Bluebaum, Matthias"]
[Result "1/2-1/2"]
[WhiteTitle "GM"]
[BlackTitle "GM"]
[WhiteElo "2701"]
[BlackElo "2631"]
[WhiteFideId "4650891"]
[BlackFideId "24651516"]
[EventDate "2018.03.31"]

1. c4 e6 2. Nf3 d5 3. e3 Nf6 4. b3 Be7 5. Bb2 O-O 6. Nc3 dxc4 7. bxc4 c5 8. Rg1
Nc6 9. g4 e5 10. g5 Ne8 11. Qb1 f5 12. gxf6 Nxf6 13. Be2 Kh8 14. Ng5 h6 15. Nf3
Ne8 16. Nd5 Bf5 17. d3 Bd6 18. Bc3 Rb8 19. Qb2 Bxd3 20. Bxd3 Rxf3 21. Qe2 Rf8
22. Qh5 Ne7 23. Rxg7 Kxg7 24. O-O-O Rf7 25. Rg1+ Kf8 26. Qxh6+ Rg7 27. Rxg7 Nxg7
28. Qf6+ Kg8 29. Bxe5 Nef5 30. Bxf5 Qxf6 31. Nxf6+ Kf7 32. Bxd6 Rd8 33. Bc7 Rh8
34. Be4 Kxf6 35. Bxb7 Nf5 36. Bf4 Rg8 37. a4 Rg1+ 38. Kd2 Rb1 39. Bc6 Rb2+ 40.
Ke1 Rb4 41. a5 Rxc4 42. a6 Rb4 43. Bb7 Ke6 44. Bc8+ Kf6 45. Kd2 Rb2+ 46. Kd3
Rxf2 47. Ke4 Ra2 48. Be5+ Kg5 49. Bb8 Ra4+ 50. Ke5 c4 51. Bxf5 Ra5+ 52. Kd4 Kxf5
53. Bxa7 Rxa6 54. Bc5 Ra4 55. e4+ Ke6 56. Kc3 Ke5 57. Bb4 Ra2 58. Kxc4 Rxh2 59.
Kd3 Rh3+ 60. Ke2 Kxe4 61. Kf2 Rb3 62. Bd6 Rb2+ 63. Kg3 Rc2 64. Bb8 Rc3+ 65. Kg2
Rb3 1/2-1/2

[Event "GRENKE Chess Classic 2018"]
[Site "Karlsruhe/Baden Baden GER"]
[Date "2018.04.06"]
[Round "6"]
[White "Meier, Geo"]
[Black "Naiditsch, A."]
[Result "0-1"]
[WhiteElo "2648"]
[BlackElo "2701"]
[PlyCount "66"]
[EventDate "2018.03.31"]

1. d4 Nf6 2. c4 e6 3. Nf3 d5 4. g3 Bb4+ 5. Bd2 Be7 6. Bg2 O-O 7. O-O c6 8. Qc2
b6 9. Rd1 Bb7 10. b3 Nbd7 11. Nc3 Rc8 12. Bf4 c5 13. Nb5 (13. dxc5 Nxc5 14. Ne5
Qe8 15. cxd5 exd5 16. Nxd5 Nxd5 17. Bxd5 Bf6 {Oliva Castaneda,K (2497)-Salgado
Lopez,I (2627) Linares 2017}) 13... cxd4 14. Nd6 Bxd6 15. Bxd6 Re8 16. Nxd4 Nc5
17. Bxc5 Rxc5 18. Qb2 $146 (18. Qd2 Qa8 19. cxd5 Bxd5 20. f3 Bb7 21. b4 Rcc8 {
Krishna,C (2326)-Barua,D (2429) Kolkata 2012}) 18... e5 19. Nb5 Qb8 20. e3 h5
21. Qe2 a6 22. Na3 d4 23. Nc2 Bxg2 24. Kxg2 Ne4 25. Qf1 h4 26. f3 Nc3 27. Rd2
hxg3 28. hxg3 Re6 29. Qf2 Rf6 30. exd4 Ne4 31. Qe3 Nxd2 32. dxc5 Nxf3 33. cxb6
$4 ({It was just a matter of closing the h1-a8 diagonal with e.g.} 33. Rd1 Qb7
34. Rd5 {and it's about equal.}) ({Another interesting try is} 33. Nb4 Nd4 34.
Nd5 Re6 35. cxb6 Nc2 36. Qe4 Nxa1 37. c5 {with wild complications.}) 33... Qb7
0-1

[Event "GRENKE Chess Classic 2018"]
[Site "Karlsruhe/Baden Baden GER"]
[Date "2018.04.06"]
[Round "6"]
[White "Caruana, F."]
[Black "Hou Yifan"]
[Result "1/2-1/2"]
[WhiteElo "2784"]
[BlackElo "2654"]
[PlyCount "196"]
[EventDate "2018.03.31"]

1. e4 e5 2. Nf3 Nf6 3. Nxe5 d6 4. Nf3 Nxe4 5. Nc3 Nxc3 6. dxc3 Be7 7. Be3 O-O
8. Qd2 (8. Bd3 Nd7 9. Qe2 Nc5 10. Bc4 d5 11. Bd3 Nxd3+ 12. Qxd3 c5 13. h4 h6
14. O-O-O Be6 15. Rdg1 Qa5 {Ponomariov,R (2694)-Ni,H (2671) Riadh 2017}) 8...
Nd7 9. O-O-O Nf6 10. h3 c5 11. Bf4 $146 (11. Bd3 Re8 12. g4 Be6 13. c4 b5 14.
g5 bxc4 15. gxf6 Bxf6 16. Bf1 c3 17. bxc3 Qa5 18. Qd3 Bxc3 {0-1 Sadler,K (1810)
-Hofer,R (2375) corr. 2016}) 11... Be6 12. a3 d5 13. Ng5 Bd7 14. g4 Bc6 15. Bg2
Re8 16. Qd3 Bd6 17. Qg3 Bxf4+ 18. Qxf4 h6 19. Nf3 Qb8 20. Qxb8 Raxb8 21. Nd2
Re2 22. Rhf1 b6 23. Rde1 Rbe8 24. Rxe2 Rxe2 25. Kd1 Re6 26. f4 Kf8 27. Re1 Ke7
28. Rxe6+ Kxe6 29. Ke2 g5 30. fxg5 hxg5 31. Nf3 Ne4 32. Ke3 f6 33. Bf1 Nd6 34.
Nd2 f5 35. gxf5+ Nxf5+ 36. Kf2 Ke5 37. Nf3+ Kf4 38. Ne1 c4 39. Ng2+ Ke5 40. Be2
Ba4 41. Bd1 Be8 42. Bg4 Bg6 43. Be2 Nd6 44. Ne3 Ne4+ 45. Kf3 Nf6 46. Kf2 Bf7
47. Ng2 Be6 48. h4 Ne4+ 49. Kf3 Bh3 50. hxg5 Nxg5+ 51. Kg3 Bxg2 52. Kxg2 Ne6
53. Kf2 Nc5 54. Bh5 Na4 55. Be8 Nxb2 56. Ke2 a6 57. Kd2 b5 58. Bh5 Na4 59. Bf7
Nc5 60. Kc1 Ne6 61. Kb2 Nf4 62. Be8 Ke4 63. Bc6 Ke3 64. Bb7 a5 ({It was very
difficult to see everything, but at the same time the lines are beautiful
after the winning idea} 64... Kd2 $1 65. Bxa6 Nd3+ $3 66. Kb1 (66. cxd3 d4 $1
67. cxd4 c3+ {is a classic breakthrough}) 66... Ne1 $1 67. Bxb5 Nxc2 68. a4 d4
$1 {and wins.}) 65. Kc1 Ne2+ 66. Kb2 Kd2 67. Bxd5 Nxc3 68. Bc6 Nd1+ 69. Kb1 Ne3
70. Be4 c3 71. Bh7 Nc4 72. Ka2 Ne5 73. Be4 Ke3 74. Bh7 Nc6 75. Bg6 Kd2 76. Be4
Nd4 77. Kb1 Kd1 78. Bd5 Nf5 79. Be4 Ne3 80. Bg6 Kd2 81. Bd3 Nc4 82. Ka2 Nb6 83.
Kb1 Nc4 84. Ka2 a4 85. Bg6 Kc1 86. Bd3 Nd6 87. Ka1 Nb7 88. Ka2 Nc5 89. Bf5 Na6
90. Bg6 Kd2 91. Bh7 Nb8 92. Bd3 Nc6 93. Bxb5 Nd4 94. Bxa4 Nxc2 95. Kb3 Nd4+ 96.
Kc4 Nc2 97. Kb3 Ne3 98. Kb4 c2 1/2-1/2

[Event "GRENKE Chess Classic 2018"]
[Site "Karlsruhe/Baden Baden GER"]
[Date "2018.04.06"]
[Round "6"]
[White "Carlsen, M."]
[Black "Aronian, L."]
[Result "1/2-1/2"]
[WhiteElo "2843"]
[BlackElo "2794"]
[PlyCount "104"]
[EventDate "2018.03.31"]

1. c4 Nf6 2. Nc3 e6 3. e4 d5 4. cxd5 exd5 5. e5 Ne4 6. Nf3 Bf5 7. d3 Nxc3 8.
bxc3 c5 9. d4 c4 $146 (9... Nc6 10. Bd3 Bxd3 11. Qxd3 Be7 12. dxc5 Bxc5 13. O-O
Qd7 14. Re1 Be7 15. Be3 O-O 16. Rad1 Rad8 {Grischuk,A (2767)-Nakamura,H (2787)
Moscow 2018}) 10. g3 Be7 11. Bg2 Bd3 12. Ng1 Qa5 13. Bd2 Nc6 14. Ne2 Ba3 15.
O-O O-O 16. Re1 Rad8 {"A critical moment." (Carlsen)} 17. Bg5 (17. Nf4 Bb2 18.
e6 Bxa1 19. Qxa1 Ne7 20. exf7+ Rxf7 21. Ne6 Re8 {Carlsen}) 17... Bb2 18. Bxd8
Rxd8 {"I remembered that I analyzed this position but I didn't remember what
was my intention." (Aronian)} 19. Rc1 Bxe2 (19... Bxc1 20. Qxc1 Qxa2 21. Nf4
Qa5 22. e6 {Aronian}) 20. Qxe2 ({It took a while for the players to notice
that after} 20. Rxe2 Bxc3 21. e6 Bxd4 (21... fxe6 22. Rxe6 Bb2 (22... Nxd4 23.
Re7 Qa3 24. Re3) {White has} 23. Qe2 $1) 22. exf7+ Kxf7 23. Rb1 $1 b6 24. a4 $1
a6 25. Qc2) 20... Bxc1 ({Leko showed the line} 20... Bxc3 21. e6 Bxe1 22. exf7+
Kxf7 23. Rxe1 g6 24. Qe6+ Kg7 25. Rb1 Qc7 26. Bxd5 {and the players thought
that his} Qd7 $1 {was very nice here. Black probably holds.}) 21. Rxc1 Qa3 22.
Qe3 b5 23. e6 f6 24. h4 Ne7 25. Rb1 a6 26. Qd2 Qd6 {Aronian didn't like this
move but it's hard to think of a plan and avoid White's a2-a4.} (26... Nc6 {
is "asking too much of the position." (Carlsen)}) 27. a4 bxa4 28. Qa2 a3 29.
Rb4 h5 30. Qxa3 Nc6 ({Earlier Aronian had planned} 30... a5 {but here he
noticed that it fails to} 31. Qxa5 $1 Nc6 32. Qxd5 (32. Qc5 Qxc5 33. dxc5 Nxb4
34. cxb4 Kf8 35. c6 c3) 32... Qxd5 ({the big trick was} 32... Nxb4 33. Qxc4 $1)
33. Bxd5 Rxd5 34. Rb6 Rd6 (34... Ne7 35. Rb8+ Kh7 36. Rb7 Ng6 37. e7 Nxe7 38.
Rxe7 {is a winning rook ending}) 35. d5 Rxd5 36. Rxc6 Rd1+ 37. Kg2 Re1 38. Kf3
{with good winning chances.}) 31. Ra4 Qxa3 32. Rxa3 a5 33. e7 Nxe7 34. Rxa5 Rb8
35. Bxd5+ Nxd5 36. Rxd5 Rb3 37. Rxh5 Rxc3 38. Rc5 Rc1+ 39. Kg2 c3 40. Kf3 c2
41. Kf4 Rd1 42. Rxc2 Rxd4+ 43. Kf5 Kh7 44. f4 Ra4 45. Rc5 Kh6 46. Rd5 Ra6 47.
g4 g6+ 48. Ke4 Ra4+ 49. Rd4 Ra5 50. Rd5 Ra4+ 51. Ke3 Ra3+ 52. Rd3 Ra6 1/2-1/2

[Event "GRENKE Chess Classic 2018"]
[Site "Karlsruhe/Baden Baden GER"]
[Date "2018.04.06"]
[Round "6"]
[White "Vitiugov, N."]
[Black "Vachier Lagrave, M."]
[Result "1/2-1/2"]
[WhiteElo "2735"]
[BlackElo "2789"]
[PlyCount "136"]
[EventDate "2018.03.31"]

1. d4 Nf6 2. c4 g6 3. g3 c6 4. Bg2 d5 5. Qa4 (5. Nf3 Bg7 6. Qb3 O-O 7. O-O Qb6
8. Nc3 Rd8 9. h3 Bf5 {Li,C (2732)-Vachier Lagrave,M (2789) Riadh 2017}) 5...
Bg7 6. cxd5 O-O $146 (6... Nxd5 7. Nf3 Nb6 8. Qc2 Bg4 9. e3 O-O 10. Nbd2 Na6 {
Bruzon Batista,L (2673)-Zherebukh,Y (2633) Saint Louis 2018}) 7. dxc6 Nxc6 8.
Nf3 Nd5 9. e3 Nb6 10. Qd1 e5 11. O-O Bg4 12. dxe5 Qxd1 13. Rxd1 Nxe5 14. Nbd2
Rfd8 15. Rf1 Nd3 16. Nb3 Nxc1 17. Raxc1 Bxb2 18. Rc2 Bf6 19. Nfd4 Rac8 20. Rfc1
Rxc2 21. Rxc2 Nd5 22. Rc5 Nb4 23. Bxb7 Nxa2 24. Ra5 Nc3 25. Rxa7 Ne2+ 26. Nxe2
Bxe2 27. Kg2 Bc4 28. Na5 Be6 29. Bf3 Rd2 30. Nc6 Ra2 31. Rc7 Bg5 32. Nb4 Rd2
33. Rc3 Bf6 34. Rc2 Rxc2 35. Nxc2 Kf8 36. Nb4 Bc3 37. Nc6 h6 38. Nd4 Ke7 39.
Bb7 Kf6 40. f4 g5 41. Kf3 gxf4 42. gxf4 Bb2 43. Ne2 Ke7 44. Ng3 f5 45. Ne2 Kf6
46. Nd4 Bc4 47. Bc8 Bd3 48. Kf2 Bc3 49. Bb7 Bb2 50. Bg2 Ba6 51. Bf1 Bc8 52. Bh3
Bc3 53. Nb5 Bd2 54. Nd4 Bc3 55. Ne2 Bd2 56. Ng3 Bc1 57. Ne4+ fxe4 58. Bxc8 h5
59. h4 Ba3 60. Bd7 Be7 61. Be8 Kf5 62. Kg3 Bc5 63. Kf2 Be7 64. Bxh5 Bxh4+ 65.
Ke2 Bg3 66. Bf3 Bxf4 67. Bxe4+ Kxe4 68. exf4 Kxf4 1/2-1/2

[Event "GRENKE Chess Classic 2018"]
[Site "Karlsruhe/Baden Baden GER"]
[Date "2018.04.06"]
[Round "6"]
[White "Bluebaum, M."]
[Black "Anand, V."]
[Result "1-0"]
[WhiteElo "2631"]
[BlackElo "2776"]
[PlyCount "89"]
[EventDate "2018.03.31"]

1. d4 d5 2. c4 e6 3. Nf3 dxc4 4. e3 b5 5. a4 b4 6. Bxc4 Nf6 7. a5 (7. O-O Be7
8. Qe2 O-O 9. b3 Bb7 10. Bb2 Nbd7 11. Nbd2 c5 {Bu,X (2730)-Inarkiev,E (2689)
Riadh 2017}) 7... a6 8. Nbd2 Bb7 9. O-O c5 10. Nb3 Nbd7 11. dxc5 $146 (11. Qe2
Bd6 12. Rd1 Qc7 13. dxc5 Nxc5 14. Nxc5 Qxc5 {Alfaro,W (2181)-Quesada Perez,Y 
(2541) Managua 2017}) 11... Nxc5 12. Nxc5 Bxc5 13. Qa4+ Qd7 14. Qxd7+ Nxd7 15.
Bd2 Ke7 16. Rac1 Rhc8 17. Nd4 Ne5 18. Be2 Bd6 19. Rfd1 Bd5 $2 {In a position
that Bluebaum expected to be drawn soon, Anand goes for a direct but risky
approach. he must have missed something in his calculations.} 20. Rxc8 Rxc8 21.
Bxa6 Ra8 22. Bf1 Rxa5 23. Nb5 $1 {Strong.} Bc5 24. Rc1 Ra2 (24... Nd7 25. Rxc5
Nxc5 26. Bxb4 Ra1 27. Bxc5+ Kd7 28. Nd6 {Bluebaum}) 25. Rxc5 Rxb2 26. e4 $1 (
26. Bc1 Rb1 {Bluebaum}) 26... Rxd2 27. exd5 exd5 28. Rc1 b3 29. Rb1 b2 (29...
Nc4 $5 30. Nc3 Na5) 30. Nc3 Nc4 31. Nxd5+ Rxd5 32. Bxc4 Rc5 33. Re1+ Kf6 (33...
Kd6 34. Ba2 $1 Rc1 35. Kf1 Kc5 36. Ke2 Kd4 37. Kd2 {Bluebaum}) 34. Bd3 Rd5 35.
Bb1 h5 36. g3 g5 37. Kg2 g4 38. Re2 Rb5 39. Re8 Rd5 40. Re2 Rb5 41. h4 Kg7 42.
Re7 Rd5 43. Rb7 Rd2 44. Ba2 Kh6 45. Bxf7 1-0

[Event "GRENKE Chess Classic 2018"]
[Site "Karlsruhe/Baden Baden GER"]
[Date "2018.04.07"]
[Round "7.1"]
[White "Anand, Viswanathan"]
[Black "Meier, Georg"]
[Result "1/2-1/2"]
[WhiteElo "2776"]
[BlackElo "2648"]
[PlyCount "89"]
[EventDate "2018.03.31"]

1. e4 e6 2. d4 d5 3. Nc3 dxe4 4. Nxe4 Nd7 5. g3 Be7 6. Nf3 Ngf6 7. Qe2 (7.
Nxf6+ Bxf6 8. Bg2 O-O 9. O-O e5 10. Be3 c6 {Short,N (2510)-Seirawan,Y (2510)
Thessaloniki 1988}) 7... Nxe4 8. Qxe4 Rb8 $146 (8... Nf6 9. Qe2 b6 10. Bg2 Bb7
11. c3 O-O 12. O-O Qc8 13. Re1 c5 14. Be3 c4 15. Ng5 {½-½ Rigo,J (2340)
-Somlai,L (2360) Hungary 1994}) 9. Bg2 b5 10. O-O O-O 11. Rd1 Bb7 12. Qe2 Nf6
13. c3 a6 14. a4 Bd5 15. Ne5 Bxg2 16. Kxg2 Qd5+ 17. Qf3 Qxf3+ 18. Kxf3 Bd6 19.
axb5 axb5 20. Bg5 Bxe5 21. dxe5 Nd5 22. Ra6 (22. Be3 $5 Ra8 23. Bc5 {Anand})
22... c5 23. Be3 Rfc8 24. Rda1 h5 25. Ra7 c4 26. Rd7 b4 27. Bd4 bxc3 28. bxc3
Rb3 29. Rxd5 $5 exd5 30. Kf4 {"I thought this was a very serious winning
chance." (Anand)} Rbb8 31. Kg5 Ra8 32. Re1 (32. Rh1 $5 g6 {Anand}) 32... Rc6
33. f4 $2 ({Anand pointed out} 33. h3 Rg6+ 34. Kxh5 Kh7 35. Kh4 Rh8 36. g4 Kg8+
37. Kg3 Rgh6 38. Rh1 g5 39. Be3 Rg6 40. Rd1 {and White is still better.}) 33...
Ra2 34. h3 Rd2 ({After} 34... Rg2 35. Re3 Rg6+ 36. Kh4 {Meier couldn't find
the right way to play for mate, but it's there with} f6 $1 {which threatens 37.
..Rg4+. It looks like Black is winning here:} 37. exf6 (37. Rf3 Rg4+ 38. Kxh5
R4xg3) 37... gxf6 38. Re8+ Kf7 39. Ra8 Ke6) 35. f5 Rd3 36. Kf4 h4 37. e6 Kf8
38. gxh4 fxe6 39. Ra1 exf5 40. Kxf5 Rxh3 41. Ra8+ Ke7 42. Ra7+ Ke8 43. Ke5 Rxh4
44. Kxd5 Rg6 45. Bxg7 1/2-1/2

[Event "GRENKE Chess Classic 2018"]
[Site "Karlsruhe/Baden Baden GER"]
[Date "2018.04.07"]
[Round "7.2"]
[White "Aronian, Levon"]
[Black "Vitiugov, Nikita"]
[Result "1/2-1/2"]
[WhiteElo "2794"]
[BlackElo "2735"]
[PlyCount "80"]
[EventDate "2018.03.31"]

1. c4 c6 2. g3 d5 3. Nf3 Nf6 4. Bg2 dxc4 5. O-O Nbd7 6. Na3 Nb6 7. Qc2 g6 (7...
Be6 8. Ng5 Bg4 9. Nxc4 Bxe2 10. Ne5 Bh5 11. b4 e6 12. b5 Bd6 {Nepomniachtchi,I
(2751)-Karjakin,S (2763) Moscow 2018}) 8. Nxc4 Nxc4 9. Qxc4 Bg7 10. d3 O-O 11.
Bd2 Nd5 12. Qc1 a5 $146 (12... Qb6 13. Rb1 Rd8 14. b4 Qa6 15. Qc2 Qa3 {Mondry,
M (2229)-Tripp,G (1999) corr. 2016}) 13. Bh6 Bg4 14. Bxg7 Kxg7 15. Ne5 Be6 16.
d4 Nf6 17. Rd1 Qb6 18. e4 Rfd8 19. Qc3 Kg8 20. Rd3 Rd6 21. Rad1 Rad8 22. b3 Qb4
23. Qa1 a4 24. h3 axb3 25. axb3 Nd7 26. Nxd7 R6xd7 27. d5 cxd5 28. exd5 Bf5 29.
Re3 Be6 30. Rde1 Bxd5 31. Bxd5 Rxd5 32. Rxe7 Qxe7 33. Rxe7 Rd1+ 34. Qxd1 Rxd1+
35. Kg2 b6 36. Kf3 Rd3+ 37. Re3 Rd2 38. Re4 Rd3+ 39. Re3 Rd2 40. Re4 Rd3+
1/2-1/2

[Event "GRENKE Chess Classic 2018"]
[Site "Karlsruhe/Baden Baden GER"]
[Date "2018.04.07"]
[Round "7.4"]
[White "Naiditsch, Arkadij"]
[Black "Carlsen, Magnus"]
[Result "0-1"]
[WhiteElo "2701"]
[BlackElo "2843"]
[PlyCount "84"]
[EventDate "2018.03.31"]

1. e4 c5 2. Nf3 d6 3. d4 cxd4 4. Nxd4 Nf6 5. Nc3 a6 6. g3 e5 7. Nb3 Be7 8. Bg2
O-O 9. O-O Be6 10. Re1 (10. a4 Nbd7 11. Re1 Rc8 12. Nd2 Bg4 13. Bf3 Bxf3 14.
Nxf3 Re8 15. Be3 Nb6 16. Rb1 Nc4 17. Qd3 d5 18. Nxd5 Nxd5 19. Qxd5 Qxd5 20.
exd5 e4 21. Nd2 Nxd2 {½-½ Karjakin,S (2785)-Nepomniachtchi,I (2767) Wijk aan
Zee 2017}) 10... Nbd7 11. Nd2 b5 12. Nf1 Bg4 $146 (12... Nb6 13. Ne3 b4 14.
Ncd5 Nfxd5 15. exd5 Bd7 16. Bd2 a5 17. a3 bxa3 18. Rxa3 a4 {Balogh,C (2648)
-Wojtaszek,R (2715) Budapest 2014}) 13. f3 $6 Be6 {"I am not a Najdorf
aficionado but it seems to me that Black is already a bit better." (Carlsen)}
14. Ne3 Rc8 15. a3 Nb6 16. f4 Re8 17. Kh1 Bf8 $6 ({Black is better after} 17...
exf4 18. gxf4 Bf8 {Carlsen}) 18. f5 Bd7 19. Qd3 (19. Ng4 $5 {Carlsen}) 19... h6
20. b3 Bc6 21. Bd2 Qc7 22. Rac1 Qb7 (22... d5) 23. Ned5 Bxd5 24. exd5 Nbd7 25.
Nd1 (25. Ne4 Be7) 25... e4 26. Qd4 Ne5 27. Nf2 (27. Nc3 $1 Nf3 28. Bxf3 exf3
29. Rxe8 Rxe8 30. Rf1 a5 {"didn't look convincing" to Carlsen.}) 27... Nf3 28.
Bxf3 exf3 29. c4 bxc4 30. bxc4 Re5 31. Re3 Rxe3 32. Qxe3 Qb2 33. Nd3 Qxa3 34.
Qxf3 Qa2 35. Bc3 Rxc4 36. Ra1 Qb3 37. Bxf6 gxf6 38. Kg2 $2 (38. Qd1 {followed
by 39.Nf4 was harder to crack for Black.}) 38... Rc3 39. Rd1 h5 40. Kh3 Bh6 41.
Re1 Rxd3 42. Qxh5 Re3 0-1

[Event "GRENKE Chess Classic 2018"]
[Site "Karlsruhe/Baden Baden GER"]
[Date "2018.04.07"]
[Round "7.5"]
[White "Hou, Yifan"]
[Black "Bluebaum, Matthias"]
[Result "1/2-1/2"]
[WhiteElo "2654"]
[BlackElo "2631"]
[PlyCount "92"]
[EventDate "2018.03.31"]

1. c4 e6 2. Nf3 d5 3. e3 Nf6 4. b3 Be7 5. Bb2 O-O 6. Nc3 c5 7. cxd5 Nxd5 8. Qc2
Nb4 (8... b6 9. Nxd5 exd5 10. d4 Nc6 11. Be2 Be6 12. O-O Rc8 13. dxc5 bxc5 14.
Rac1 Qb6 {Karjakin,S (2763)-Kramnik,V (2800) Moscow 2018}) 9. Qb1 b6 10. a3 Nd5
11. Nxd5 exd5 12. d4 Nc6 13. Bb5 $146 (13. Bd3 h6 14. O-O Bg4 {½-½ Tazelaar,
H (2373)-Krimbacher,W (2333) corr. 2017}) 13... Bd7 14. O-O Nxd4 15. Nxd4 cxd4
16. Bxd7 Qxd7 17. Bxd4 Rfc8 18. Rd1 Rc6 19. Qb2 Qf5 20. Qe2 Rc2 21. Qf3 Qxf3
22. gxf3 Bh4 23. e4 dxe4 24. fxe4 Bg5 25. a4 Bd2 26. Rab1 Rac8 27. Rb2 Rxb2 28.
Bxb2 Rc2 29. Bd4 f6 30. Kg2 Kf7 31. Kf3 Ke6 32. h3 h5 33. Ke2 Bf4+ 34. Kf3 Bd2
35. Ke2 Bf4+ 36. Kf3 g5 37. Rd3 Bd2 38. Ke2 Bf4+ 39. Kf3 Be5 40. Be3 Rb2 41. a5
bxa5 42. Bxa7 f5 43. exf5+ Kxf5 44. Kg2 g4 45. hxg4+ hxg4 46. Rd5 Rxb3 1/2-1/2

[Event "GRENKE Chess Classic 2018"]
[Site "Karlsruhe/Baden Baden GER"]
[Date "2018.04.08"]
[Round "8"]
[White "Naiditsch, A."]
[Black "Anand, V."]
[Result "1/2-1/2"]
[WhiteElo "2701"]
[BlackElo "2776"]
[PlyCount "75"]
[EventDate "2018.03.31"]

1. e4 e5 2. Nf3 Nc6 3. Bc4 Bc5 4. c3 Nf6 5. d4 exd4 6. e5 d5 7. Bb5 Ne4 8. cxd4
Bb6 9. Nc3 O-O 10. Be3 Bg4 (10... Ne7 11. O-O c6 12. Bd3 f5 13. exf6 Nxf6 14.
Qc2 Bc7 15. Ne5 Ng4 {Amonatov,F (2636)-Svidler,P (2765) Riadh 2017}) 11. h3 Bh5
12. Qc2 Bxf3 13. gxf3 Ng5 14. O-O-O Nxf3 $146 (14... Ne6 15. Ne2 Ne7 16. Kb1 f5
17. exf6 Rxf6 {Kravtsiv,M (2621)-Bruzon Batista,L (2659) Berlin 2015}) 15. Bxc6
bxc6 16. Qf5 Nh4 17. Qg4 Ng6 18. f4 Qh4 (18... Qc8 {seems to prevent} 19. f5 {
but not so:} Nxe5 20. Qg3 Nc4 21. Bh6 g6 22. Rhf1 $5 {and White has some play.}
) 19. Rd3 {Protecting Be3 so that White threatens f4-f5 again.} Qxg4 20. hxg4
f5 21. g5 Kf7 $5 {Giving back the pawn.} 22. Rxh7 ({Maybe White shouldn't even
take.} 22. Ne2 $5) 22... Rh8 23. Rxh8 Rxh8 24. a3 Nf8 25. Ne2 Ke7 26. Rc3 Kd7
27. Kd2 Ne6 28. Rc1 g6 29. b4 a5 30. Kd3 axb4 31. axb4 Ba7 32. Ra1 Bb6 33. Ra6
Rb8 34. Ra2 Rh8 35. Ra1 Ke7 36. Ra2 Kd7 37. Ra1 Ke7 38. Ra2 1/2-1/2

[Event "GRENKE Chess Classic 2018"]
[Site "Karlsruhe/Baden Baden GER"]
[Date "2018.04.08"]
[Round "8"]
[White "Bluebaum,M"]
[Black "Vachier Lagrave,M"]
[Result "1/2-1/2"]
[WhiteElo "2631"]
[BlackElo "2789"]
[EventDate "2018.03.31"]

1. Nf3 c5 2. c4 Nf6 3. Nc3 d5 4. cxd5 Nxd5 5. e3 Nxc3 6. dxc3 Qc7 7. e4 Nc6
8. Qd2 e6 9. Qg5 f6 10. Qh5+ Qf7 11. Qxf7+ Kxf7 12. Be3 e5 13. Bc4+ Be6 14.
Bxe6+ Kxe6 15. O-O-O Be7 16. Rd5 Rhd8 17. Rhd1 b6 18. g4 Na5 19. b3 Rxd5
20. exd5+ Kf7 21. c4 Nb7 22. Nd2 Rh8 23. Rg1 Nd6 24. Kc2 Re8 25. Kd3 h5 26.
g5 f5 27. f4 e4+ 28. Ke2 g6 29. Rc1 Rc8 30. a4 Nb7 31. Nf1 Bf8 32. Bd2 Bg7
33. Ne3 a6 34. Bc3 Bd4 35. Kd2 Re8 36. Rc2 Nd6 37. Ra2 Nb7 38. Rc2 Ke7 39.
Ra2 Na5 40. Bxa5 bxa5 41. Rc2 Rb8 42. Rc3 h4 43. h3 Kd6 44. Kc2 Bxe3 45.
Rxe3 1/2-1/2

[Event "GRENKE Chess Classic 2018"]
[Site "Karlsruhe/Baden Baden GER"]
[Date "2018.04.08"]
[Round "8"]
[White "Carlsen, M."]
[Black "Vitiugov, N."]
[Result "1/2-1/2"]
[WhiteElo "2843"]
[BlackElo "2735"]
[PlyCount "129"]
[EventDate "2018.03.31"]

1. e4 e5 2. Nf3 Nc6 3. Bb5 a6 4. Ba4 Nf6 5. d3 b5 6. Bb3 Bc5 7. c3 O-O (7... d6
8. Bg5 h6 9. Bh4 g5 10. Bg3 Ba7 11. Nbd2 Na5 12. Bc2 Nh5 13. a4 b4 {Anand,V 
(2767)-Matlakov,M (2718) Wijk aan Zee 2018}) 8. O-O Re8 9. Re1 h6 10. Nbd2 Bb6
11. Nf1 d6 12. Ng3 Be6 13. h3 Bxb3 14. axb3 d5 $146 (14... a5 15. Nh2 Qd7 16.
Ng4 Nxg4 17. hxg4 f6 18. Nf5 Ne7 {Dominguez Perez,L (2719)-Karjakin,S (2723)
Moscow 2009}) 15. Qe2 Bc5 16. b4 Bf8 17. Nd2 a5 18. bxa5 Rxa5 19. Rxa5 Nxa5 20.
exd5 Qxd5 21. Nde4 Nxe4 22. dxe4 Qc4 23. Qf3 Qe6 24. Nf5 Nc4 25. h4 Kh7 26. h5
g6 27. Ne3 Nxe3 28. hxg6+ fxg6 29. Bxe3 Bd6 30. Qe2 Qc4 31. Qxc4 bxc4 32. Ra1
Rb8 33. Bc1 Rb6 34. Ra4 Rc6 35. Be3 h5 36. Kf1 Kg7 37. Ke2 Kf6 38. Kd1 Ke6 39.
Kc2 Be7 40. f3 Bh4 41. Ra5 Bg3 42. Bc5 g5 43. Bb4 g4 44. fxg4 hxg4 45. Ra8 Kf7
46. Rc8 Bf4 47. Kd1 Kg7 48. Ke2 Kf7 49. Rf8+ Kg7 50. Rd8 Kf7 51. Kf2 Kg7 52.
Rd7+ Kf6 53. g3 Bc1 54. Rd1 Bg5 55. Ke2 Ke6 56. Rh1 Ra6 57. Ba3 Rb6 58. Rh7 Rb7
59. Kd1 Rb8 60. Kc2 Rd8 61. Rg7 Rd2+ 62. Kc1 Bf6 63. Kxd2 Bxg7 64. Bc5 Kd7 65.
Be3 1/2-1/2

[Event "GRENKE Chess Classic 2018"]
[Site "Karlsruhe/Baden Baden GER"]
[Date "2018.04.08"]
[Round "8"]
[White "Caruana, F."]
[Black "Aronian, L."]
[Result "1/2-1/2"]
[WhiteElo "2784"]
[BlackElo "2794"]
[PlyCount "63"]
[EventDate "2018.03.31"]

1. e4 e5 2. Nf3 Nc6 3. Bb5 Nf6 4. O-O Nxe4 5. Re1 Nd6 6. Nxe5 Be7 7. Bf1 Nxe5
8. Rxe5 O-O 9. d4 Bf6 10. Re1 Nf5 (10... Re8 11. Bf4 Rxe1 12. Qxe1 Ne8 13. c3
d5 14. Bd3 g6 15. Qe2 c6 16. Nd2 Ng7 17. Re1 Bf5 18. Bxf5 Nxf5 19. Nf3 Ng7 20.
Be5 Ne6 {So,W (2799)-Grischuk,A (2767) Berlin 2018}) 11. d5 Re8 12. Bd3 Rxe1+
13. Qxe1 Qe7 14. Qxe7 Nxe7 15. d6 $146 (15. c4 d6 16. Nc3 Bxc3 17. bxc3 Bf5 18.
Be2 Ng6 19. g4 Bd7 {Teufel,J (2215)-Berezovsky,I (2375) Wuerttemberg 1999})
15... cxd6 16. Na3 d5 17. Nb5 d6 18. Nxd6 Nc6 19. Bf4 Be6 20. Nxb7 Nb4 21. Nc5
Bxb2 22. Rb1 Nxd3 23. cxd3 Bd4 24. Be3 Bxc5 25. Bxc5 d4 26. Bxa7 Bxa2 27. Rb8+
Rxb8 28. Bxb8 Bb1 29. Ba7 Ba2 30. Bb8 Bb1 31. Ba7 Ba2 32. Bb8 1/2-1/2

[Event "GRENKE Chess Classic 2018"]
[Site "Karlsruhe/Baden Baden GER"]
[Date "2018.04.08"]
[Round "8"]
[White "Meier,Geo"]
[Black "Hou Yifan"]
[Result "1/2-1/2"]
[WhiteElo "2648"]
[BlackElo "2654"]
[EventDate "2018.03.31"]

1. d4 d5 2. c4 e6 3. Nf3 Nf6 4. g3 Be7 5. Bg2 O-O 6. O-O dxc4 7. Qc2 a6 8.
a4 Bd7 9. Qxc4 Bc6 10. Bg5 Bd5 11. Qc2 Be4 12. Qd1 c5 13. dxc5 Bxc5 14.
Qxd8 Rxd8 15. Nbd2 Bc6 16. Rfc1 Bb4 17. Rc4 Be7 18. Ne5 Bxg2 19. Kxg2 Nbd7
20. Nd3 Rac8 21. Rac1 Nb6 22. Rxc8 Rxc8 23. Rxc8+ Nxc8 24. e4 Nd7 25. Be3
Nd6 26. f4 f5 27. Kf3 Kf7 28. g4 g6 29. h3 Ke8 30. Bd4 Kd8 31. Bc3 Ke8 32.
Bd4 Kd8 33. Bc3 Ke8 1/2-1/2